[Event "Titled Tuesday intern op 08th Aug Early"]
[Site "Chess.com INT"]
[Date "2023.08.08"]
[Round "4"]
[White "Goutham Krishna, H."]
[Black "Meyers, Mark"]
[Result "1-0"]
[WhiteElo "2266"]
[BlackElo "2206"]
[PlyCount "51"]
[EventDate "2023.08.08"]
[EventType "swiss (blitz)"]
[EventRounds "11"]
[EventCountry "USA"]
[SourceTitle "EXT 2024"]
[Source "ChessBase"]
[SourceDate "2023.10.10"]
[SourceVersion "1"]
[SourceVersionDate "2023.10.10"]
[SourceQuality "1"]

1. d4 Nf6 2. c4 e6 3. Nf3 b6 4. g3 Ba6 5. Qc2 Bb4+ 6. Bd2 Be7 7. Bg2 d5 8. Ne5 0-0 9. 0-0 c5 10. dxc5 bxc5 11. cxd5 exd5 12. Bf4 Nh5 13. Nc3 Nxf4 14. gxf4 Bb7 15. Rad1 Na6 16. Nxd5 Bh4 17. Qb3 Rb8 18. Qh3 Bc8 19. Qa3 Qe8 20. Kh1 f6 21. Nf3 g5 22. Qa5 Qxe2 23. Nxf6+ Rxf6 24. Qd8+ Rf8 25. Qd5+ Be6 26. Qd6 1-0

[Event "Titled Tuesday intern op 08th Aug Early"]
[Site "Chess.com INT"]
[Date "2023.08.08"]
[Round "9"]
[White "Meyers, Mark"]
[Black "Heinemann, Josefine"]
[Result "0-1"]
[WhiteElo "2206"]
[BlackElo "2278"]
[PlyCount "76"]
[EventDate "2023.08.08"]
[EventType "swiss (blitz)"]
[EventRounds "11"]
[EventCountry "USA"]
[SourceTitle "EXT 2024"]
[Source "ChessBase"]
[SourceDate "2023.10.10"]
[SourceVersion "1"]
[SourceVersionDate "2023.10.10"]
[SourceQuality "1"]

1. c4 g6 2. g3 c5 3. Bg2 Bg7 4. Nc3 Nc6 5. e3 d6 6. Nge2 e6 7. 0-0 Nge7 8. d4 0-0 9. b3 Rb8 10. Bb2 b6 11. Qc2 Bb7 12. d5 Nb4 13. Qd2 exd5 14. cxd5 Ba6 15. Rfd1 Nd3 16. Nf4 Nxb2 17. Qxb2 b5 18. b4 Bc8 19. Rac1 a5 20. a3 Bg4 21. f3 Bc8 22. Qb1 axb4 23. axb4 c4 24. e4 Qb6+ 25. Kh1 f5 26. Ne6 Bxe6 27. dxe6 Ra8 28. Nd5 Nxd5 29. Rxd5 fxe4 30. Qxe4 Qf2 31. e7 Rfe8 32. Rxd6 Ra2 33. Rg1 Re2 34. Qd5+ Kh8 35. Qxb5 R2xe7 36. Qxc4 Re1 37. Rd1 Rxg1+ 38. Rxg1 h5 0-1

[Event "Dortmund Sparkassen op-A 44th"]
[Site "Dortmund"]
[Date "2016.07.15"]
[Round "7"]
[White "Meyers, Mark"]
[Black "Wickenfeld, Stefan"]
[Result "1/2-1/2"]
[WhiteElo "2074"]
[BlackElo "2231"]
[PlyCount "58"]
[EventDate "2016.07.09"]
[EventType "swiss"]
[EventRounds "9"]
[EventCountry "GER"]
[SourceTitle "CBM 173 Extra"]
[Source "ChessBase"]
[SourceDate "2016.08.29"]
[SourceVersion "1"]
[SourceVersionDate "2016.08.29"]
[SourceQuality "1"]

1. c4 c5 2. g3 g6 3. Bg2 Bg7 4. Nc3 Nc6 5. e4 e6 6. Nge2 Nge7 7. 0-0 0-0 8. d3 a6 9. Be3 Nd4 10. Rb1 Nec6 11. a3 Qe7 12. Qd2 b5 13. b4 Rb8 14. bxc5 Qxc5 15. cxb5 axb5 16. Rfc1 Qxa3 17. Bxd4 Nxd4 18. Nxd4 Bxd4 19. Nxb5 Qa4 20. Rc4 Qa6 21. Rxd4 Rxb5 22. Rc1 Qb6 23. Rdc4 Ba6 24. Bf1 f5 25. Rc7 Rb2 26. R7c2 Rb4 27. Rc7 Rd4 28. Qe3 Rf7 29. exf5 exf5 1/2-1/2

[Event "Dortmund Sparkassen op-A 44th"]
[Site "Dortmund"]
[Date "2016.07.13"]
[Round "5"]
[White "Meyers, Mark"]
[Black "Knudsen, Simon"]
[Result "1-0"]
[WhiteElo "2074"]
[BlackElo "1873"]
[PlyCount "77"]
[EventDate "2016.07.09"]
[EventType "swiss"]
[EventRounds "9"]
[EventCountry "GER"]
[SourceTitle "CBM 173 Extra"]
[Source "ChessBase"]
[SourceDate "2016.08.29"]
[SourceVersion "1"]
[SourceVersionDate "2016.08.29"]
[SourceQuality "1"]

1. c4 e5 2. g3 Nf6 3. Nc3 d5 4. cxd5 Nxd5 5. Bg2 Nb6 6. Nf3 Nc6 7. d3 Be7 8. 0-0 0-0 9. a3 Be6 10. b4 a5 11. b5 Nd4 12. Nxd4 exd4 13. Ne4 a4 14. Nd2 Bd5 15. Bb2 Bxg2 16. Kxg2 Ra5 17. Nf3 Bf6 18. e3 dxe3 19. Bxf6 Qxf6 20. fxe3 Rxb5 21. Qc1 Qd6 22. Nd4 Rc5 23. Qb2 Qg6 24. e4 Re8 25. Rac1 Rxc1 26. Rxc1 Re7 27. Nf5 Rd7 28. Qe5 h6 29. Ne7+ Rxe7 30. Qxe7 Qh5 31. Rf1 Qe2+ 32. Rf2 Qxd3 33. Qxf7+ Kh7 34. Qf5+ Kh8 35. e5 Qd5+ 36. Kh3 Nc4 37. e6 Ne3 38. Qxd5 Nxd5 39. Rf5 1-0

[Event "Dortmund Sparkassen op-A 44th"]
[Site "Dortmund"]
[Date "2016.07.10"]
[Round "2"]
[White "Meyers, Mark"]
[Black "Voicu Jagodzinsky, Carmen"]
[Result "1-0"]
[WhiteElo "2074"]
[BlackElo "2263"]
[PlyCount "69"]
[EventDate "2016.07.09"]
[EventType "swiss"]
[EventRounds "9"]
[EventCountry "GER"]
[SourceTitle "CBM 173 Extra"]
[Source "ChessBase"]
[SourceDate "2016.08.29"]
[SourceVersion "1"]
[SourceVersionDate "2016.08.29"]
[SourceQuality "1"]

1. c4 c5 2. g3 Nf6 3. Nc3 d5 4. cxd5 Nxd5 5. Bg2 Nc7 6. Nf3 Nc6 7. 0-0 e5 8. d3 Be7 9. Be3 Be6 10. Rc1 f6 11. Nd2 Qd7 12. Qa4 Rb8 13. Nde4 Na6 14. Nb5 0-0 15. Bxc5 Nxc5 16. Nxc5 Bxc5 17. Rxc5 Nd4 18. e3 b6 19. Rc7 Qxb5 20. Qxa7 Ne2+ 21. Kh1 Qxd3 22. Re7 Rbe8 23. Rxg7+ Kh8 24. Rc7 b5 25. Qb7 Bf5 26. Qf3 Rc8 27. Rxc8 Rxc8 28. g4 Rc1 29. Qxf5 Qxf5 30. gxf5 Rc2 31. Rb1 b4 32. Be4 Rd2 33. Kg2 Kg7 34. Kf1 Kh6 35. Ke1 1-0

[Event "Dortmund Sparkassen op-A 44th"]
[Site "Dortmund"]
[Date "2016.07.09"]
[Round "1"]
[White "Schmidt, Alexander"]
[Black "Meyers, Mark"]
[Result "1/2-1/2"]
[WhiteElo "2115"]
[BlackElo "2074"]
[PlyCount "45"]
[EventDate "2016.07.09"]
[EventType "swiss"]
[EventRounds "9"]
[EventCountry "GER"]
[SourceTitle "CBM 173 Extra"]
[Source "ChessBase"]
[SourceDate "2016.08.29"]
[SourceVersion "1"]
[SourceVersionDate "2016.08.29"]
[SourceQuality "1"]

1. e4 c5 2. Nc3 e6 3. g3 a6 4. Bg2 b5 5. d3 Bb7 6. Be3 Nf6 7. h3 d5 8. exd5 Nxd5 9. Nxd5 Bxd5 10. Nf3 Nd7 11. 0-0 Be7 12. d4 0-0 13. c3 Qc7 14. Re1 Qb7 15. b3 c4 16. bxc4 Bxc4 17. Ne5 Bd5 18. Bxd5 Qxd5 19. Nxd7 Qxd7 20. a4 Rac8 21. axb5 axb5 22. Qb3 Qc6 23. Ra5 1/2-1/2

[Event "Kiel op-A 27th"]
[Site "Kiel"]
[Date "2014.08.05"]
[Round "6"]
[White "Voloshin, Leonid"]
[Black "Meyers, Mark"]
[Result "1-0"]
[WhiteElo "2403"]
[BlackElo "2007"]
[PlyCount "69"]
[EventDate "2014.08.02"]
[EventType "swiss"]
[EventRounds "9"]
[EventCountry "GER"]
[SourceTitle "CBM 161 Extra"]
[Source "ChessBase"]
[SourceDate "2014.08.29"]
[SourceVersion "1"]
[SourceVersionDate "2014.08.29"]
[SourceQuality "1"]

1. e4 c5 2. Nf3 e6 3. d4 cxd4 4. Nxd4 a6 5. Bd3 Nf6 6. 0-0 Qc7 7. Qe2 d6 8. Kh1 Be7 9. f4 Nbd7 10. Nd2 b5 11. N2f3 Bb7 12. e5 dxe5 13. fxe5 Nd5 14. c3 b4 15. c4 N5b6 16. b3 Nc5 17. Bc2 Rd8 18. a3 bxa3 19. b4 Ncd7 20. c5 Nd5 21. Ng5 Qxe5 22. Qxe5 Nxe5 23. Ba4+ Nd7 24. Nxf7 0-0 25. Nxe6 Rxf7 26. Rxf7 Kxf7 27. Nxd8+ Bxd8 28. Bxd7 Nxb4 29. Bxa3 Nc2 30. Rf1+ Ke7 31. c6+ Nxa3 32. cxb7 Bc7 33. Bf5 Nb5 34. Bd3 Kd6 35. Rf8 1-0

[Event "GER-ch U18"]
[Site "Magdeburg"]
[Date "2014.06.11"]
[Round "6"]
[White "Meyers, Mark"]
[Black "Grimm, Julius"]
[Result "1/2-1/2"]
[WhiteElo "2096"]
[BlackElo "2137"]
[PlyCount "42"]
[EventDate "2014.06.08"]
[EventType "swiss"]
[EventRounds "9"]
[EventCountry "GER"]
[SourceTitle "CBM 160 Extra"]
[Source "ChessBase"]
[SourceDate "2014.07.01"]
[SourceVersion "1"]
[SourceVersionDate "2014.07.01"]
[SourceQuality "1"]

1. Nf3 d5 2. g3 Nf6 3. Bg2 c6 4. c4 g6 5. 0-0 Bg7 6. d3 0-0 7. Nbd2 Re8 8. Rb1 a5 9. e4 dxe4 10. Nxe4 Nxe4 11. dxe4 Qc7 12. Bf4 e5 13. Be3 Bg4 14. h3 Bxf3 15. Qxf3 Na6 16. Qe2 Bf8 17. h4 Bc5 18. Bh6 Bf8 19. Bg5 Be7 20. Bh6 Bf8 21. Bg5 Be7 1/2-1/2

[Event "GER-ch U18"]
[Site "Magdeburg"]
[Date "2014.06.08"]
[Round "1"]
[White "Krause, Benedict"]
[Black "Meyers, Mark"]
[Result "1-0"]
[WhiteElo "2273"]
[BlackElo "2096"]
[PlyCount "45"]
[EventDate "2014.06.08"]
[EventType "swiss"]
[EventRounds "9"]
[EventCountry "GER"]
[SourceTitle "CBM 160 Extra"]
[Source "ChessBase"]
[SourceDate "2014.07.01"]
[SourceVersion "1"]
[SourceVersionDate "2014.07.01"]
[SourceQuality "1"]

1. e4 c5 2. Nf3 e6 3. d4 cxd4 4. Nxd4 a6 5. Nc3 Qc7 6. Bd3 Nf6 7. 0-0 b5 8. Qe2 d6 9. a4 b4 10. Na2 d5 11. exd5 Nxd5 12. Re1 Be7 13. Bd2 Bb7 14. Be4 Nf6 15. Bf3 Nc6 16. Nxc6 Bxc6 17. Nxb4 Bxf3 18. Qxf3 0-0 19. Rec1 Bd6 20. g3 Qc4 21. Nd3 Rab8 22. b3 Qd4 23. a5 1-0

[Event "GER-chT Lands U20"]
[Site "Hannover"]
[Date "2013.10.04"]
[Round "5.3"]
[White "Zahn, Alina"]
[Black "Meyers, Mark"]
[Result "1/2-1/2"]
[WhiteElo "1944"]
[BlackElo "2012"]
[PlyCount "83"]
[EventDate "2013.10.02"]
[EventType "team-swiss"]
[EventRounds "7"]
[EventCountry "GER"]
[SourceTitle "EXT 2014"]
[Source "ChessBase"]
[SourceDate "2013.11.20"]
[SourceVersion "1"]
[SourceVersionDate "2013.11.20"]
[SourceQuality "1"]
[WhiteTeam "Thueringen"]
[BlackTeam "Nordrhein Westfalen"]
[WhiteTeamCountry "GER"]
[BlackTeamCountry "GER"]

1. e4 c5 2. Nf3 e6 3. d4 cxd4 4. Nxd4 a6 5. Bd3 Nf6 6. Qe2 Nc6 7. Nxc6 bxc6 8. e5 Nd5 9. 0-0 a5 10. a3 d6 11. c4 Nb6 12. f4 d5 13. Nd2 Ba6 14. f5 dxc4 15. Be4 Bc5+ 16. Kh1 c3 17. Bxc6+ Kf8 18. Bb5 cxd2 19. Bxa6 dxc1Q 20. Raxc1 exf5 21. Rxc5 g6 22. Rd1 Qe7 23. Rdc1 Rd8 24. Rxa5 Qg5 25. Rg1 Nd5 26. Bc4 Nf4 27. Qf3 Kg7 28. Ra7 Rhf8 29. e6 Rd4 30. b3 Rxc4 31. bxc4 Nxe6 32. c5 Qf6 33. Ra5 Ng5 34. Qe3 f4 35. Qf2 Ne4 36. Qc2 Re8 37. Rf1 Qd4 38. Ra4 Nf2+ 39. Kg1 Nh3+ 40. Kh1 Nf2+ 41. Kg1 Nh3+ 42. Kh1 1/2-1/2

[Event "Kiel op-A 26th"]
[Site "Kiel"]
[Date "2013.07.31"]
[Round "7"]
[White "Petri, Alexander"]
[Black "Meyers, Mark"]
[Result "1-0"]
[WhiteElo "2179"]
[BlackElo "1916"]
[PlyCount "128"]
[EventDate "2013.07.27"]
[EventType "swiss"]
[EventRounds "9"]
[EventCountry "GER"]
[SourceTitle "EXT 2018"]
[Source "ChessBase"]
[SourceDate "2017.10.13"]
[SourceVersion "1"]
[SourceVersionDate "2017.10.13"]
[SourceQuality "1"]

1. d4 Nf6 2. Nf3 e6 3. e3 b6 4. Bd3 Bb7 5. Nbd2 c5 6. c3 d6 7. 0-0 Be7 8. Qe2 0-0 9. e4 cxd4 10. cxd4 Nbd7 11. Re1 Rc8 12. Nf1 Rc7 13. Bg5 d5 14. e5 Ne4 15. Bf4 Qa8 16. Red1 Rfc8 17. Ne1 h6 18. Qg4 Bg5 19. g3 f6 20. exf6 Ndxf6 21. Qxe6+ Rf7 22. Be5 Re8 23. Qh3 Nxf2 24. Kxf2 Rxe5 25. dxe5 Ng4+ 26. Kg1 Rxf1+ 27. Qxf1 d4 28. Bc4+ Kh8 29. Qf7 Be3+ 30. Kf1 Nxe5 31. Qg8+ Qxg8 32. Bxg8 Ba6+ 33. Kg2 Bb7+ 34. Kh3 Bc8+ 35. g4 Bxg4+ 36. Kg3 Kxg8 37. Nc2 Bxd1 38. Rxd1 Nc4 39. b3 Ne5 40. Nxd4 Kf7 41. Nc2 Bc5 42. Rd7+ Kf6 43. b4 Be7 44. b5 Bc5 45. Rd8 g5 46. Ra8 h5 47. h3 h4+ 48. Kg2 Nd3 49. Rxa7 Nf4+ 50. Kh2 Nd5 51. Rd7 Nc3 52. Nd4 Nxa2 53. Nb3 Be3 54. Kg2 Ke6 55. Rd1 Bf4 56. Nd4+ Ke5 57. Ne2 Be3 58. Kf3 Bc5 59. Kg4 Be7 60. Re1 Kd6 61. Nd4 Bd8 62. Nc6 Bf6 63. Kf5 Bc3 64. Rb1 Kc5 1-0

[Event "Kiel op-A 26th"]
[Site "Kiel"]
[Date "2013.07.27"]
[Round "2"]
[White "Meyers, Mark"]
[Black "Horn, Peter"]
[Result "1-0"]
[WhiteElo "1916"]
[BlackElo "2142"]
[PlyCount "61"]
[EventDate "2013.07.27"]
[EventType "swiss"]
[EventRounds "9"]
[EventCountry "GER"]
[SourceTitle "EXT 2018"]
[Source "ChessBase"]
[SourceDate "2017.10.13"]
[SourceVersion "1"]
[SourceVersionDate "2017.10.13"]
[SourceQuality "1"]

1. c4 e5 2. g3 Nf6 3. Nc3 Bc5 4. Bg2 d6 5. b4 Bb6 6. d3 Nc6 7. b5 Ne7 8. Nf3 0-0 9. 0-0 Ng6 10. d4 exd4 11. Nxd4 Ne5 12. Bg5 h6 13. Bxf6 Qxf6 14. Nd5 Qd8 15. Rc1 Bc5 16. a4 a6 17. Nb3 Nd7 18. a5 Rb8 19. Rb1 b6 20. axb6 cxb6 21. Nd4 Bxd4 22. Qxd4 axb5 23. cxb5 Bb7 24. Nb4 Bxg2 25. Kxg2 Qf6 26. Rfd1 Ne5 27. Qxd6 Rfd8 28. Qxf6 gxf6 29. Nd5 Nd7 30. Ne7+ Kg7 31. Nc6 1-0

[Event "GER-ch U16"]
[Site "Oberhof"]
[Date "2013.05.22"]
[Round "6"]
[White "Meyers, Mark"]
[Black "Heldt, Ronny"]
[Result "1-0"]
[WhiteElo "1940"]
[BlackElo "1858"]
[PlyCount "91"]
[EventDate "2013.05.19"]
[EventType "swiss"]
[EventRounds "9"]
[EventCountry "GER"]
[SourceTitle "CBM 154 Extra"]
[Source "ChessBase"]
[SourceDate "2013.06.25"]
[SourceVersion "2"]
[SourceVersionDate "2013.06.25"]
[SourceQuality "1"]

1. c4 e6 2. g3 d5 3. Bg2 dxc4 4. Na3 c3 5. bxc3 Nf6 6. Nf3 Nbd7 7. 0-0 Be7 8. Rb1 0-0 9. Nc4 Nb6 10. Nce5 c5 11. c4 Ne8 12. d3 f6 13. Ng4 Bd7 14. Ba3 Bc6 15. Ne3 g5 16. Qc1 Ng7 17. Rd1 e5 18. Qc3 h5 19. h4 g4 20. Nd2 Bxg2 21. Kxg2 Qc7 22. Nd5 Nxd5 23. cxd5 f5 24. Qb3 Kh7 25. Qxb7 Qd6 26. Nc4 Qf6 27. Qc6 Rac8 28. Qxf6 Bxf6 29. Rb7 Rfd8 30. e4 Kg6 31. Rdb1 Ne8 32. Rxa7 Nd6 33. Rb6 Nxc4 34. exf5+ Kxf5 35. dxc4 Ra8 36. Rxa8 Rxa8 37. Bxc5 Rxa2 38. Be3 Ra3 39. c5 e4 40. Rb1 Rd3 41. c6 Be5 42. Rc1 Rxe3 43. fxe3 Bc7 44. Rb1 Ke5 45. Rb7 Kd6 46. Rxc7 1-0

[Event "GER-ch Net final U18"]
[Site "Playchess.com INT"]
[Date "2012.09.15"]
[Round "5"]
[White "Groetzbach, Julian"]
[Black "Meyers, Mark"]
[Result "1-0"]
[WhiteElo "1953"]
[BlackElo "1944"]
[PlyCount "69"]
[EventDate "2012.09.15"]
[EventType "swiss (blitz)"]
[EventRounds "7"]
[EventCountry "GER"]
[SourceTitle "CBM 150 Extra"]
[Source "ChessBase"]
[SourceDate "2012.10.19"]
[SourceVersion "1"]
[SourceVersionDate "2012.10.19"]
[SourceQuality "1"]

1. e4 c5 2. Nf3 e6 3. d4 cxd4 4. Nxd4 a6 5. Bd3 Nf6 6. 0-0 Qc7 7. Qe2 d6 8. Nc3 b5 9. a3 Bb7 10. f4 Nbd7 11. Bd2 Be7 12. Rae1 0-0 13. e5 Nd5 14. Nxd5 Bxd5 15. exd6 Bxd6 16. Qh5 Nf6 17. Qh4 Bc5 18. c3 Bc4 19. Bxc4 Bxd4+ 20. cxd4 Qxc4 21. Bc3 Nd5 22. Rf3 a5 23. f5 b4 24. Bd2 Qc2 25. Rf2 Qd3 26. f6 Nxf6 27. Bh6 Ne8 28. Re3 Qb1+ 29. Rf1 Qxb2 30. Rg3 bxa3 31. Bxg7 Nxg7 32. Qf6 Qxd4+ 33. Qxd4 f6 34. Qd7 Rf7 35. Qxe6 1-0

[Event "GER-ch Net final U18"]
[Site "Playchess.com INT"]
[Date "2012.09.15"]
[Round "9"]
[White "Kreyssig, Robert"]
[Black "Meyers, Mark"]
[Result "1-0"]
[WhiteElo "1914"]
[BlackElo "1911"]
[PlyCount "63"]
[EventDate "2012.09.15"]
[EventType "swiss (blitz)"]
[EventRounds "7"]
[EventCountry "GER"]
[SourceTitle "CBM 150 Extra"]
[Source "ChessBase"]
[SourceDate "2012.10.19"]
[SourceVersion "1"]
[SourceVersionDate "2012.10.19"]
[SourceQuality "1"]

1. d4 Nf6 2. c4 e6 3. Nf3 b6 4. a3 Ba6 5. Nbd2 c5 6. e4 cxd4 7. Nxd4 Qc7 8. Bd3 d6 9. 0-0 Nbd7 10. b3 Bb7 11. Qe2 Be7 12. Bb2 0-0 13. f4 Nc5 14. Rae1 a6 15. Bb1 Rfd8 16. e5 Ne8 17. Qh5 g6 18. Qh6 Bf8 19. Qh3 Nd7 20. Nxe6 Qc6 21. Nxd8 Rxd8 22. Be4 Qc5+ 23. Kh1 Bc8 24. e6 Ndf6 25. exf7+ Kxf7 26. Qc3 Bg7 27. Qc2 Nxe4 28. Nxe4 Qf5 29. Bxg7 Kxg7 30. Qc3+ Nf6 31. Nxf6 Qxf6 32. Re7+ 1-0

[Event "GER-ch Net final U18"]
[Site "Playchess.com INT"]
[Date "2012.09.15"]
[Round "2"]
[White "Lavrinenkov, Vadim"]
[Black "Meyers, Mark"]
[Result "1-0"]
[WhiteElo "2095"]
[BlackElo "1946"]
[PlyCount "43"]
[EventDate "2012.09.15"]
[EventType "swiss (blitz)"]
[EventRounds "7"]
[EventCountry "GER"]
[SourceTitle "CBM 150 Extra"]
[Source "ChessBase"]
[SourceDate "2012.10.19"]
[SourceVersion "1"]
[SourceVersionDate "2012.10.19"]
[SourceQuality "1"]

1. e4 c5 2. Nc3 e6 3. Nf3 a6 4. g3 b5 5. Bg2 Bb7 6. d3 d6 7. 0-0 Nd7 8. Be3 g6 9. Qd2 Bg7 10. h4 Ne7 11. Rfe1 0-0 12. Bh6 b4 13. Ne2 d5 14. Bxg7 Kxg7 15. exd5 Bxd5 16. Nf4 Ra7 17. Ng5 Bxg2 18. Nfxe6+ fxe6 19. Nxe6+ Kg8 20. Nxd8 Rxd8 21. Rxe7 Bh3 22. Qh6 1-0

[Event "GER-ch Net final U18"]
[Site "Playchess.com INT"]
[Date "2012.09.15"]
[Round "8"]
[White "Meyers, Mark"]
[Black "Hoffmann, Tim"]
[Result "0-1"]
[WhiteElo "1923"]
[BlackElo "2027"]
[PlyCount "65"]
[EventDate "2012.09.15"]
[EventType "swiss (blitz)"]
[EventRounds "7"]
[EventCountry "GER"]
[SourceTitle "CBM 150 Extra"]
[Source "ChessBase"]
[SourceDate "2012.10.19"]
[SourceVersion "1"]
[SourceVersionDate "2012.10.19"]
[SourceQuality "1"]

1. e4 c5 2. b3 Nc6 3. Bb2 d6 4. Bb5 Bd7 5. Qe2 e5 6. Nf3 Nge7 7. 0-0 g6 8. Nc3 Bg7 9. a4 0-0 10. d3 Bg4 11. h3 Nd4 12. Qd1 Nxf3+ 13. gxf3 Bxh3 14. Re1 Nc6 15. Kh2 Qh4 16. Rh1 Nd4 17. Nd5 Bg4+ 18. Kg1 Qxh1+ 19. Kxh1 Bxf3+ 20. Qxf3 Nxf3 21. Kg2 Nd4 22. Bxd4 exd4 23. Bc4 h5 24. f4 Kh7 25. Rh1 Rab8 26. f5 Be5 27. Nc7 a6 28. Bd5 Rfc8 29. Bxf7 Rxc7 30. Bxg6+ Kg7 31. Rxh5 Rh8 32. Rg5 Kf6 33. Rg4 0-1

[Event "GER-ch Net final U18"]
[Site "Playchess.com INT"]
[Date "2012.09.15"]
[Round "6"]
[White "Meyers, Mark"]
[Black "Wenninger, Patrick"]
[Result "1-0"]
[WhiteElo "1927"]
[BlackElo "1579"]
[PlyCount "63"]
[EventDate "2012.09.15"]
[EventType "swiss (blitz)"]
[EventRounds "7"]
[EventCountry "GER"]
[SourceTitle "CBM 150 Extra"]
[Source "ChessBase"]
[SourceDate "2012.10.19"]
[SourceVersion "1"]
[SourceVersionDate "2012.10.19"]
[SourceQuality "1"]

1. e4 c6 2. d3 d5 3. Nd2 e5 4. g3 dxe4 5. Nxe4 Nf6 6. Bg5 Be7 7. Bg2 Nxe4 8. Bxe7 Qxe7 9. dxe4 Be6 10. Ne2 Nd7 11. 0-0 0-0 12. c3 Rad8 13. Qc2 Nb6 14. b3 c5 15. Rad1 c4 16. b4 Bd7 17. Qc1 Ba4 18. Rd2 Rxd2 19. Qxd2 Rd8 20. Qe3 Rd3 21. Qc1 Qd7 22. f4 exf4 23. Qxf4 f6 24. e5 Nd5 25. Qxc4 Bb5 26. e6 Bxc4 27. exd7 Ne3 28. Nd4 Nxf1 29. d8Q+ Kf7 30. Qd7+ Kf8 31. Qc8+ Kf7 32. Qxc4+ 1-0

[Event "GER-ch Net final U18"]
[Site "Playchess.com INT"]
[Date "2012.09.15"]
[Round "3"]
[White "Miller, Eduard"]
[Black "Meyers, Mark"]
[Result "0-1"]
[WhiteElo "2085"]
[BlackElo "1938"]
[PlyCount "53"]
[EventDate "2012.09.15"]
[EventType "swiss (blitz)"]
[EventRounds "7"]
[EventCountry "GER"]
[SourceTitle "CBM 150 Extra"]
[Source "ChessBase"]
[SourceDate "2012.10.19"]
[SourceVersion "1"]
[SourceVersionDate "2012.10.19"]
[SourceQuality "1"]

1. d4 Nf6 2. c4 e6 3. Nc3 Bb4 4. Qc2 0-0 5. a3 Bxc3+ 6. Qxc3 b5 7. e3 bxc4 8. Bxc4 Bb7 9. Nf3 Ne4 10. Qc2 f5 11. b4 Ng5 12. Be2 Be4 13. Qc3 Nc6 14. Bb2 Qf6 15. h4 Nxf3+ 16. gxf3 Bd5 17. b5 Ne7 18. Qxc7 Rac8 19. Qxa7 Rc2 20. Bc1 f4 21. e4 Ra8 22. Qb6 Nc8 23. Bd3 Nxb6 24. Bxc2 Qxd4 25. Rb1 Qc3+ 26. Kd1 Qxf3+ 27. Ke1 0-1

[Event "GER-ch Net qual2 U18"]
[Site "Playchess.com INT"]
[Date "2012.09.05"]
[Round "2"]
[White "Kvetny, Mark"]
[Black "Meyers, Mark"]
[Result "1-0"]
[WhiteElo "2255"]
[BlackElo "1971"]
[PlyCount "61"]
[EventDate "2012.09.05"]
[EventType "swiss (blitz)"]
[EventRounds "7"]
[EventCountry "GER"]
[SourceTitle "CBM 150 Extra"]
[Source "ChessBase"]
[SourceDate "2012.10.19"]
[SourceVersion "1"]
[SourceVersionDate "2012.10.19"]
[SourceQuality "1"]

1. d4 Nf6 2. c4 e6 3. Nc3 Bb4 4. Qc2 0-0 5. e4 Bxc3+ 6. bxc3 d6 7. Bd3 Nbd7 8. Ne2 c5 9. 0-0 b6 10. Bg5 Bb7 11. f4 Qc7 12. e5 Ne8 13. Bxh7+ Kh8 14. Bd3 cxd4 15. cxd4 Rc8 16. Ng3 d5 17. Qe2 g6 18. cxd5 Bxd5 19. f5 exf5 20. Nxf5 Ng7 21. Ne7 Qc3 22. Nxd5 Qxd4+ 23. Ne3 Nxe5 24. Rad1 Qc5 25. Bf6 Nxd3 26. Rxd3 Rce8 27. Kh1 Kg8 28. Qb2 Rxe3 29. Rxe3 Qxe3 30. Bxg7 Rd8 31. Bh8 1-0

[Event "GER-ch Net qual2 U18"]
[Site "Playchess.com INT"]
[Date "2012.09.05"]
[Round "5"]
[White "Schlein, Steffan"]
[Black "Meyers, Mark"]
[Result "0-1"]
[WhiteElo "1270"]
[BlackElo "1971"]
[PlyCount "54"]
[EventDate "2012.09.05"]
[EventType "swiss (blitz)"]
[EventRounds "7"]
[EventCountry "GER"]
[SourceTitle "CBM 150 Extra"]
[Source "ChessBase"]
[SourceDate "2012.10.19"]
[SourceVersion "1"]
[SourceVersionDate "2012.10.19"]
[SourceQuality "1"]

1. e4 c5 2. Nc3 e6 3. Nf3 a6 4. d3 g6 5. Be2 Bg7 6. 0-0 Ne7 7. Bf4 d6 8. d4 cxd4 9. Nxd4 e5 10. Nf3 exf4 11. Qd2 0-0 12. Qxf4 Nec6 13. Ng5 Bh6 14. h4 f6 15. e5 fxg5 16. hxg5 Bxg5 17. Qc4+ Kh8 18. exd6 Qxd6 19. Rad1 Qe6 20. Qxe6 Bxe6 21. Bd3 Nd7 22. Rfe1 Nc5 23. b4 Nxd3 24. Rxd3 Nxb4 25. Rd6 Nxa2 26. Nxa2 Bxa2 27. Re5 Bf4 0-1

[Event "Kiel op 25th"]
[Site "Kiel"]
[Date "2012.07.29"]
[Round "4"]
[White "Meyers, Mark"]
[Black "Neitzel, Mirko"]
[Result "1-0"]
[WhiteElo "1910"]
[BlackElo "1906"]
[PlyCount "97"]
[EventDate "2012.07.28"]
[EventType "swiss"]
[EventRounds "9"]
[EventCountry "GER"]
[SourceTitle "EXT 2015"]
[Source "ChessBase"]
[SourceDate "2014.11.20"]
[SourceVersion "1"]
[SourceVersionDate "2014.11.20"]
[SourceQuality "1"]

1. Nf3 c5 2. c4 Nc6 3. g3 g6 4. Bg2 Bg7 5. Nc3 e5 6. d3 Nge7 7. Ne4 d6 8. Bg5 0-0 9. Bf6 h6 10. 0-0 Be6 11. Nfd2 Bxf6 12. Nxf6+ Kg7 13. Nd5 Rb8 14. a3 b5 15. Nxe7 Nxe7 16. Rb1 d5 17. Qc2 bxc4 18. dxc4 d4 19. Qa4 a5 20. b4 axb4 21. axb4 cxb4 22. Rxb4 Qc7 23. Rfb1 f5 24. Rb7 Rxb7 25. Rxb7 Qd8 26. Qa7 Rf7 27. Qc5 e4 28. Qe5+ Rf6 29. Bxe4 Kf7 30. Bd5 Bxd5 31. cxd5 Qd6 32. Nf3 Qc5 33. Nxd4 Ra6 34. Nc6 Rxc6 35. Qxe7+ Qxe7 36. dxc6 Ke6 37. Rxe7+ Kxe7 38. Kg2 Kd6 39. Kf3 Kxc6 40. g4 Kd5 41. gxf5 gxf5 42. Kf4 Ke6 43. h4 Kf6 44. h5 Ke6 45. Ke3 Ke5 46. f4+ Kd5 47. Kd3 Ke6 48. Kc4 Kd6 49. Kd4 1-0

[Event "Kiel op 25th"]
[Site "Kiel"]
[Date "2012.07.28"]
[Round "1"]
[White "Harms, Friedjof"]
[Black "Meyers, Mark"]
[Result "1-0"]
[WhiteElo "1856"]
[BlackElo "1910"]
[PlyCount "97"]
[EventDate "2012.07.28"]
[EventType "swiss"]
[EventRounds "9"]
[EventCountry "GER"]
[SourceTitle "EXT 2015"]
[Source "ChessBase"]
[SourceDate "2014.11.20"]
[SourceVersion "1"]
[SourceVersionDate "2014.11.20"]
[SourceQuality "1"]

1. e4 c5 2. Bc4 e6 3. Nc3 a6 4. a4 b6 5. Nf3 Bb7 6. d3 d5 7. exd5 exd5 8. Bb3 Nf6 9. Qe2+ Be7 10. 0-0 0-0 11. Bg5 Nbd7 12. Rfe1 Re8 13. Qd2 Rc8 14. Ba2 Qc7 15. Re2 d4 16. Bxf6 Nxf6 17. Ne4 Nxe4 18. dxe4 Bd6 19. Qd3 Re7 20. Bc4 Rce8 21. Rae1 Qc8 22. Bd5 Bf4 23. c4 dxc3 24. bxc3 Qd7 25. Qc4 Bxd5 26. exd5 Rxe2 27. Rxe2 Rxe2 28. Qxe2 Qxa4 29. g3 Bd6 30. Ng5 g6 31. Nxf7 Kxf7 32. Qe6+ Kf8 33. Qxd6+ Ke8 34. Qe5+ Kd8 35. Qf6+ Kd7 36. Qe6+ Kd8 37. Qxb6+ Kd7 38. Qxc5 a5 39. c4 Qb4 40. Qc6+ Ke7 41. Qe6+ Kd8 42. d6 Qb1+ 43. Kg2 Qb7+ 44. f3 Qb2+ 45. Kh3 Qg7 46. Qd5 Qh6+ 47. Kg2 Qh5 48. Qc6 Qg5 49. Qc7+ 1-0